000 01543nam a22002777a 4500
005 20081021161511.0
008 081021t xxu||||| |||| 00| 0mar d
010 _aMAR-19919
020 _c200.00
_a9788177669978
035 _aMR-12576
037 _bDBAD / PUB
040 _aDPL
_bMR
082 _a823
100 _aफ्लेमिंग, इयान
245 _aऑन हर मॅजेस्टीज् सीक्रेट सर्व्हिस /
_cइयान फ्लोमिंग तथा अजित ठाकुर द्वारा अनुदित
246 _aOn Her Majesty's Secret Service
_bby Ian Fleming
260 _aपुणे
_bमेहता पब्लिशिंग हाऊस
_c2008
270 _a1941, सदाशिव पेठ,माडीवाले कॉलनी,
_bपुणे
_e30
_k020-24476924
300 _a236 पृ
_b
_c22सेमी (अजिल्द)
490 _a जेम्स बॉड 007
650 _aअंग्रेजी कादंबरी-मराठी अनुवादित
_vजासुसी तथा रहस्यमयी कथा
650 _aEnglish Fiction -Translation in to Marathi
_vDetective and mystries Story
700 _aठाकुर, अजित
942 _2ddc
_cMR
_h823
_mफ्लेमिंग
999 _c18110
_d18110